Notes to a science fiction writer /

Bibliographic Details
Main Author: Bova, Ben, 1932-2020
Format: Book
Language:English
Published: New York : Scribner, [1975]
Subjects:

MARC

Tag First Indicator Second Indicator Subfields
LEADER 00000cam a2200000 i 4500
001 in00000099538
005 20211030063219.0
008 751015s1975 nyu b 00010 eng
010 |a  75008343  
020 |a 0684144344 :  |c $6.95 
035 |a (OCoLC)01858024 
035 |9 AAL3959AM 
040 |a DLC  |c DLC  |d TXA  |d UtOrBLW 
049 |a TXAM [Also in] [Sp Coll]  |c 1 [1413421]  |a TXAS  |c 2 [1102216] 
050 0 0 |a PN3377.5.S3  |b B6 
082 0 |a 808.3/876 
100 1 |a Bova, Ben,  |d 1932-2020. 
245 1 0 |a Notes to a science fiction writer /  |c Ben Bova. 
264 1 |a New York :  |b Scribner,  |c [1975] 
264 4 |c ©1975 
300 |a 177 pages ;  |c 22 cm. 
336 |a text  |b txt  |2 rdacontent 
337 |a unmediated  |b n  |2 rdamedia 
338 |a volume  |b nc  |2 rdacarrier 
504 |a Bibliography: pages 175-177. 
650 0 |a Science fiction  |x Technique. 
999 |a MARS 
999 f f |s 3b09239a-977d-3514-a4ea-5f26fd2750a7  |i 9a14be93-8a61-32fa-8823-4f0caa1e7794  |t 0 
952 f f |p noncirc  |a Texas A&M University  |b College Station  |c Cushing Memorial Library & Archives  |d Cushing: Science Fiction (Does not check out)  |t 0  |e PN3377.5.S3 B6 1975  |h Library of Congress classification  |i unmediated -- volume  |m A14800384168 
952 f f |p ric  |a Texas A&M University  |b Rellis Campus  |c Joint Library Facility  |d Remote Storage  |t 0  |e PN3377.5.S3 B6  |h Library of Congress classification  |i unmediated -- volume  |m A14803715164 
998 f f |a PN3377.5.S3 B6 1975  |t 0  |l Cushing: Science Fiction (Does not check out) 
998 f f |a PN3377.5.S3 B6  |t 0  |l Remote Storage